[Event "DEM U14w 2025"]
[Site "Willingen GER"]
[Date "2025.06.14"]
[Round "9"]
[White "Färber, Anna"]
[Black "Richter, Anastasia"]
[Result "1-0"]
[Termination "normal"]
[Board "3"]
[WhiteElo "1702"]
[BlackElo "1753"]
[WhiteClock "00:31:03"]
[BlackClock "00:11:21"]
[PlyCount "113"]
[WhiteFideId "34633480"]
[BlackFideId "34659099"]
[EventCountry "GER"]
[EventRounds "9"]
[EventType "swiss"]
[EventDate "2025.06.07"]

1. e4 {[%clk 01:30:56]} {[%emt 00:00:03]} c6 {[%clk 01:30:58]} {[%emt
00:00:03]} 2. d4 {[%clk 01:31:20]} {[%emt 00:00:06]} d5 {[%clk 01:31:24]}
{[%emt 00:00:05]} 3. e5 {[%clk 01:31:44]} {[%emt 00:00:07]} Bf5 {[%clk
01:31:49]} {[%emt 00:00:05]} 4. h4 {[%clk 01:32:09]} {[%emt 00:00:04]} h5
{[%clk 01:32:15]} {[%emt 00:00:04]} 5. Bd3 {[%clk 01:32:35]} {[%emt 00:00:03]}
Bxd3 {[%clk 01:32:41]} {[%emt 00:00:05]} 6. Qxd3 {[%clk 01:33:02]} {[%emt
00:00:03]} Qa5+ {[%clk 01:33:05]} {[%emt 00:00:06]} 7. Nd2 {[%clk 01:32:38]}
{[%emt 00:00:53]} e6 {[%clk 01:33:26]} {[%emt 00:00:10]} 8. Ngf3 {[%clk
01:32:46]} {[%emt 00:00:21]} Nh6 {[%clk 01:33:48]} {[%emt 00:00:10]} 9. O-O
{[%clk 01:32:37]} {[%emt 00:00:38]} Nf5 {[%clk 01:34:10]} {[%emt 00:00:07]} 10.
Nb3 {[%clk 01:31:23]} {[%emt 00:01:44]} Qa6 {[%clk 01:34:01]} {[%emt 00:00:40]}
11. Qd1 {[%clk 01:31:34]} {[%emt 00:00:19]} b6 {[%clk 01:34:23]} {[%emt
00:00:08]} 12. Bg5 {[%clk 01:28:51]} {[%emt 00:03:11]} c5 {[%clk 01:34:34]}
{[%emt 00:00:20]} 13. c3 {[%clk 01:28:42]} {[%emt 00:00:38]} Nc6 {[%clk
01:33:22]} {[%emt 00:01:43]} 14. g3 {[%clk 01:24:42]} {[%emt 00:04:27]} Rc8
{[%clk 01:25:51]} {[%emt 00:08:03]} 15. a3 {[%clk 01:22:06]} {[%emt 00:03:07]}
c4 {[%clk 01:04:26]} {[%emt 00:21:55]} 16. Nbd2 {[%clk 01:21:07]} {[%emt
00:01:28]} Qb7 {[%clk 00:57:55]} {[%emt 00:07:01]} 17. Qc2 {[%clk 01:13:19]}
{[%emt 00:08:18]} b5 {[%clk 00:45:42]} {[%emt 00:12:43]} 18. Rfb1 {[%clk
01:09:35]} {[%emt 00:04:13]} Na5 {[%clk 00:32:26]} {[%emt 00:13:47]} 19. Re1
{[%clk 01:00:05]} {[%emt 00:09:58]} a6 {[%clk 00:28:40]} {[%emt 00:04:17]} 20.
Rac1 {[%clk 00:54:59]} {[%emt 00:05:35]} Qd7 {[%clk 00:24:35]} {[%emt
00:04:34]} 21. Qd1 {[%clk 00:51:35]} {[%emt 00:03:54]} Nc6 {[%clk 00:20:24]}
{[%emt 00:04:44]} 22. Qe2 {[%clk 00:49:27]} {[%emt 00:02:37]} a5 {[%clk
00:17:12]} {[%emt 00:03:42]} 23. Ra1 {[%clk 00:48:13]} {[%emt 00:01:44]} a4
{[%clk 00:13:54]} {[%emt 00:03:48]} 24. Kg2 {[%clk 00:45:42]} {[%emt 00:03:01]}
Na5 {[%clk 00:12:00]} {[%emt 00:02:24]} 25. Ng1 {[%clk 00:43:34]} {[%emt
00:02:38]} Be7 {[%clk 00:09:27]} {[%emt 00:03:03]} 26. Nh3 {[%clk 00:37:05]}
{[%emt 00:06:58]} Nc6 {[%clk 00:06:23]} {[%emt 00:03:36]} 27. Nf3 {[%clk
00:33:14]} {[%emt 00:04:20]} Kd8 {[%clk 00:02:40]} {[%emt 00:04:13]} 28. Nf4
{[%clk 00:30:14]} {[%emt 00:03:29]} Kc7 {[%clk 00:02:22]} {[%emt 00:00:49]} 29.
Bxe7 {[%clk 00:28:53]} {[%emt 00:01:52]} Ncxe7 {[%clk 00:01:34]} {[%emt
00:01:18]} 30. Ng5 {[%clk 00:28:43]} {[%emt 00:00:39]} Ng6 {[%clk 00:01:26]}
{[%emt 00:00:37]} 31. Ngxe6+ {[%clk 00:21:02]} {[%emt 00:08:11]} fxe6 {[%clk
00:01:02]} {[%emt 00:00:55]} 32. Nxg6 {[%clk 00:21:29]} {[%emt 00:00:03]} Rh6
{[%clk 00:00:51]} {[%emt 00:00:41]} 33. Nf4 {[%clk 00:21:45]} {[%emt 00:00:13]}
Rf8 {[%clk 00:00:34]} {[%emt 00:00:47]} 34. Nh3 {[%clk 00:19:59]} {[%emt
00:02:16]} Rg6 {[%clk 00:00:34]} {[%emt 00:00:30]} 35. Ng5 {[%clk 00:17:46]}
{[%emt 00:02:42]} Qe7 {[%clk 00:00:33]} {[%emt 00:00:32]} 36. Qxh5 {[%clk
00:15:44]} {[%emt 00:02:31]} Rh6 {[%clk 00:00:40]} {[%emt 00:00:24]} 37. Qg4
{[%clk 00:15:48]} {[%emt 00:00:26]} Rg6 {[%clk 00:00:32]} {[%emt 00:00:38]} 38.
Qe2 {[%clk 00:15:04]} {[%emt 00:01:14]} Rh8 {[%clk 00:00:42]} {[%emt 00:00:21]}
39. Rh1 {[%clk 00:12:39]} {[%emt 00:02:55]} Qd8 {[%clk 00:00:32]} {[%emt
00:00:40]} 40. Qf3 {[%clk 00:09:17]} {[%emt 00:03:52]} Qe7 {[%clk 00:00:34]}
{[%emt 00:00:28]} 41. Qe2 {[%clk 00:08:00]} {[%emt 00:01:46]} Nxh4+ {[%clk
00:00:36]} {[%emt 00:00:29]} 42. Rxh4 {[%clk 00:07:14]} {[%emt 00:01:16]} Rf8
{[%clk 00:15:27]} {[%emt 00:15:39]} 43. Nf3 {[%clk 00:35:59]} {[%emt 00:01:44]}
Ra8 {[%clk 00:14:14]} {[%emt 00:01:43]} 44. Rah1 {[%clk 00:35:03]} {[%emt
00:01:26]} Rf8 {[%clk 00:13:54]} {[%emt 00:00:50]} 45. Rh8 {[%clk 00:34:26]}
{[%emt 00:01:06]} Kb7 {[%clk 00:13:48]} {[%emt 00:00:37]} 46. Qc2 {[%clk
00:32:32]} {[%emt 00:02:24]} Rg4 {[%clk 00:11:19]} {[%emt 00:02:59]} 47. Rxf8
{[%clk 00:31:46]} {[%emt 00:01:16]} Qxf8 {[%clk 00:11:49]} 48. Rh4 {[%clk
00:31:42]} {[%emt 00:00:34]} Rxh4 {[%clk 00:11:47]} {[%emt 00:00:32]} 49. Nxh4
{[%clk 00:31:59]} {[%emt 00:00:13]} Kc6 {[%clk 00:11:48]} {[%emt 00:00:28]} 50.
Qg6 {[%clk 00:31:01]} {[%emt 00:01:29]} Kd7 {[%clk 00:12:11]} {[%emt 00:00:07]}
51. Nf3 {[%clk 00:30:55]} {[%emt 00:00:35]} Ke7 {[%clk 00:10:49]} {[%emt
00:01:53]} 52. Ng5 {[%clk 00:31:06]} {[%emt 00:00:18]} Qg8 {[%clk 00:11:13]}
{[%emt 00:00:05]} 53. Qxe6+ {[%clk 00:31:00]} {[%emt 00:00:37]} Qxe6 {[%clk
00:11:36]} {[%emt 00:00:07]} 54. Nxe6 {[%clk 00:31:28]} {[%emt 00:00:03]} Kxe6
{[%clk 00:12:04]} {[%emt 00:00:01]} 55. f4 {[%clk 00:31:34]} {[%emt 00:00:23]}
g6 {[%clk 00:11:49]} {[%emt 00:00:45]} 56. Kh3 {[%clk 00:31:31]} {[%emt
00:00:33]} Kf5 {[%clk 00:11:21]} {[%emt 00:00:59]} 57. Kh4 {[%clk 00:31:03]}
{[%emt 00:00:57]} 1-0

[Event "DEM U14w 2025"]
[Site "Willingen GER"]
[Date "2025.06.14"]
[Round "9"]
[White "Wagner, Cosima Thien-An"]
[Black "Bakó, Isabella"]
[Result "1-0"]
[Termination "normal"]
[Board "4"]
[WhiteElo "1835"]
[BlackElo "1654"]
[WhiteClock "00:03:56"]
[BlackClock "00:03:57"]
[PlyCount "171"]
[WhiteFideId "34603484"]
[BlackFideId "16287266"]
[EventCountry "GER"]
[EventRounds "9"]
[EventType "swiss"]
[EventDate "2025.06.07"]

1. c4 {[%clk 01:30:58]} {[%emt 00:00:02]} c5 {[%clk 01:30:55]} {[%emt
00:00:05]} 2. g3 {[%clk 01:31:24]} {[%emt 00:00:04]} g6 {[%clk 01:31:06]}
{[%emt 00:00:19]} 3. Bg2 {[%clk 01:31:51]} {[%emt 00:00:03]} Bg7 {[%clk
01:31:11]} {[%emt 00:00:24]} 4. Nc3 {[%clk 01:32:20]} {[%emt 00:00:03]} Nc6
{[%clk 01:30:33]} {[%emt 00:01:08]} 5. Nf3 {[%clk 01:32:47]} {[%emt 00:00:04]}
e5 {[%clk 01:29:54]} {[%emt 00:01:08]} 6. O-O {[%clk 01:32:31]} {[%emt
00:00:46]} Nge7 {[%clk 01:29:43]} {[%emt 00:00:41]} 7. a3 {[%clk 01:28:38]}
{[%emt 00:04:23]} a5 {[%clk 01:25:16]} {[%emt 00:04:56]} 8. Qa4 {[%clk
01:22:43]} {[%emt 00:06:25]} O-O {[%clk 01:04:01]} {[%emt 00:21:44]} 9. d3
{[%clk 01:20:03]} {[%emt 00:03:10]} d6 {[%clk 00:59:50]} {[%emt 00:04:40]} 10.
e3 {[%clk 01:14:26]} {[%emt 00:06:08]} Bd7 {[%clk 00:56:24]} {[%emt 00:03:56]}
11. Qc2 {[%clk 01:12:53]} {[%emt 00:02:02]} f5 {[%clk 00:54:10]} {[%emt
00:02:45]} 12. Bd2 {[%clk 01:11:01]} {[%emt 00:02:22]} Bh6 {[%clk 00:49:49]}
{[%emt 00:04:51]} 13. Rab1 {[%clk 01:06:13]} {[%emt 00:05:19]} f4 {[%clk
00:43:22]} {[%emt 00:06:57]} 14. exf4 {[%clk 01:03:49]} {[%emt 00:02:53]} exf4
{[%clk 00:43:24]} {[%emt 00:00:28]} 15. Ne4 {[%clk 00:53:41]} {[%emt 00:10:39]}
Nf5 {[%clk 00:39:30]} {[%emt 00:04:24]} 16. Rfe1 {[%clk 00:41:38]} {[%emt
00:12:33]} Ncd4 {[%clk 00:37:46]} {[%emt 00:02:13]} 17. Qd1 {[%clk 00:37:20]}
{[%emt 00:04:48]} Nxf3+ {[%clk 00:31:14]} {[%emt 00:07:02]} 18. Bxf3 {[%clk
00:37:44]} {[%emt 00:00:06]} fxg3 {[%clk 00:28:57]} {[%emt 00:02:47]} 19. Nxg3
{[%clk 00:33:45]} {[%emt 00:04:29]} Bxd2 {[%clk 00:26:34]} {[%emt 00:02:54]}
20. Qxd2 {[%clk 00:33:23]} {[%emt 00:00:50]} Bc6 {[%clk 00:22:33]} {[%emt
00:04:32]} 21. Bxc6 {[%clk 00:24:45]} {[%emt 00:09:08]} bxc6 {[%clk 00:22:54]}
{[%emt 00:00:09]} 22. Nxf5 {[%clk 00:22:39]} {[%emt 00:02:36]} Rxf5 {[%clk
00:22:52]} {[%emt 00:00:32]} 23. Re6 {[%clk 00:17:01]} {[%emt 00:06:08]} Re5
{[%clk 00:10:23]} {[%emt 00:12:58]} 24. Rxe5 {[%clk 00:14:01]} {[%emt
00:03:32]} dxe5 {[%clk 00:10:46]} {[%emt 00:00:06]} 25. Qe3 {[%clk 00:13:51]}
{[%emt 00:00:40]} Qd4 {[%clk 00:10:06]} {[%emt 00:01:10]} 26. Re1 {[%clk
00:09:05]} {[%emt 00:05:16]} Rd8 {[%clk 00:02:36]} {[%emt 00:08:00]} 27. Qxd4
{[%clk 00:04:13]} {[%emt 00:05:23]} cxd4 {[%emt 00:01:04]} 28. Rxe5 {[%clk
00:04:10]} {[%emt 00:00:31]} a4 {[%clk 00:02:13]} {[%emt 00:00:19]} 29. Rc5
{[%clk 00:01:27]} {[%emt 00:03:13]} Rc8 {[%clk 00:02:35]} {[%emt 00:00:08]} 30.
Kf1 {[%clk 00:01:32]} {[%emt 00:00:26]} Kf7 {[%clk 00:02:22]} {[%emt 00:00:43]}
31. Ke2 {[%clk 00:01:57]} {[%emt 00:00:05]} Ke6 {[%clk 00:02:20]} {[%emt
00:00:32]} 32. Kd2 {[%clk 00:01:33]} {[%emt 00:00:55]} Kd6 {[%clk 00:02:23]}
{[%emt 00:00:27]} 33. Ra5 {[%clk 00:01:57]} {[%emt 00:00:06]} Rf8 {[%clk
00:02:35]} {[%emt 00:00:16]} 34. Ke2 {[%clk 00:02:13]} {[%emt 00:00:14]} Rb8
{[%clk 00:02:56]} {[%emt 00:00:10]} 35. Rxa4 {[%clk 00:02:32]} Rxb2+ {[%clk
00:03:21]} {[%emt 00:00:16]} 36. Ke1 {[%clk 00:01:36]} Ra2 {[%clk 00:02:15]}
{[%emt 00:03:03]} 37. Ra7 {[%clk 00:01:36]} {[%emt 00:00:30]} h5 {[%clk
00:02:00]} {[%emt 00:00:45]} 38. a4 {[%clk 00:01:30]} {[%emt 00:00:18]} Kc5 39.
Rg7 {[%emt 00:01:28]} Rxa4 {[%clk 00:01:56]} {[%emt 00:00:24]} 40. Rxg6 {[%clk
00:23:27]} {[%emt 00:00:26]} Kb6 41. Rg5 {[%emt 00:17:19]} Ra1+ {[%emt
00:00:16]} 42. Ke2 {[%emt 00:00:11]} Ra2+ {[%emt 00:14:39]} 43. Kf3 {[%emt
00:01:52]} Rd2 {[%clk 00:21:57]} {[%emt 00:00:28]} 44. Ke4 {[%emt 00:02:08]} c5
{[%emt 00:01:21]} 45. Rxh5 {[%emt 00:00:38]} Rxf2 {[%clk 00:19:59]} {[%emt
00:00:06]} 46. Kd5 {[%clk 00:09:40]} {[%emt 00:00:52]} Rf6 {[%clk 00:15:15]}
{[%emt 00:05:14]} 47. Re5 {[%clk 00:07:59]} {[%emt 00:02:11]} Rf3 {[%clk
00:14:19]} {[%emt 00:01:26]} 48. Re6+ {[%clk 00:08:08]} {[%emt 00:00:21]} Kc7
{[%clk 00:10:52]} {[%emt 00:03:56]} 49. Kxc5 {[%clk 00:06:05]} {[%emt
00:02:35]} Rxd3 {[%clk 00:11:03]} {[%emt 00:00:19]} 50. Rh6 {[%clk 00:06:00]}
{[%emt 00:00:30]} Rd1 {[%clk 00:08:52]} {[%emt 00:02:46]} 51. Rh7+ {[%clk
00:05:57]} {[%emt 00:00:33]} Kb8 {[%clk 00:08:19]} {[%emt 00:01:02]} 52. Kc6
{[%clk 00:04:36]} {[%emt 00:01:51]} d3 {[%clk 00:06:59]} {[%emt 00:01:50]} 53.
c5 {[%clk 00:04:05]} {[%emt 00:01:02]} Rh1 {[%clk 00:04:57]} {[%emt 00:02:31]}
54. Rb7+ {[%clk 00:04:14]} {[%emt 00:00:22]} Kc8 {[%clk 00:03:38]} {[%emt
00:01:49]} 55. Rb2 {[%clk 00:04:38]} {[%emt 00:00:05]} Rg1 {[%clk 00:02:59]}
{[%emt 00:01:09]} 56. Ra2 {[%clk 00:01:47]} {[%emt 00:03:22]} Kb8 {[%clk
00:02:26]} {[%emt 00:01:03]} 57. Kb6 {[%clk 00:01:35]} {[%emt 00:00:42]} Rb1+
{[%clk 00:02:09]} {[%emt 00:00:47]} 58. Kc6 {[%clk 00:01:55]} {[%emt 00:00:10]}
Rb4 {[%clk 00:02:02]} {[%emt 00:00:37]} 59. Rd2 {[%clk 00:01:44]} {[%emt
00:00:40]} Rd4 {[%clk 00:02:08]} {[%emt 00:00:24]} 60. h3 {[%clk 00:01:28]}
{[%emt 00:00:46]} Kc8 {[%clk 00:02:16]} {[%emt 00:00:23]} 61. Kb6 {[%clk
00:01:19]} {[%emt 00:00:37]} Kb8 {[%clk 00:01:46]} {[%emt 00:01:02]} 62. c6
{[%clk 00:01:20]} {[%emt 00:00:28]} Kc8 {[%clk 00:01:50]} {[%emt 00:00:26]} 63.
Ra2 {[%clk 00:00:57]} {[%emt 00:00:54]} Rb4+ {[%clk 00:01:53]} {[%emt
00:00:28]} 64. Kc5 {[%clk 00:01:20]} {[%emt 00:00:06]} Rh4 {[%clk 00:01:19]}
{[%emt 00:01:04]} 65. Ra8+ {[%clk 00:01:08]} {[%emt 00:00:42]} Kc7 {[%clk
00:01:38]} {[%emt 00:00:12]} 66. Ra7+ {[%clk 00:01:16]} {[%emt 00:00:22]} Kc8
{[%clk 00:02:01]} {[%emt 00:00:07]} 67. Kb6 {[%clk 00:01:06]} {[%emt 00:00:40]}
Rb4+ {[%clk 00:02:17]} {[%emt 00:00:13]} 68. Kc5 {[%clk 00:00:59]} {[%emt
00:00:38]} Rh4 {[%clk 00:02:10]} {[%emt 00:00:37]} 69. Kd6 {[%clk 00:01:24]}
{[%emt 00:00:04]} Rh6+ {[%clk 00:01:13]} {[%emt 00:01:27]} 70. Kc5 {[%clk
00:01:39]} {[%emt 00:00:15]} d2 {[%clk 00:01:06]} {[%emt 00:00:38]} 71. Kb6
{[%clk 00:01:25]} {[%emt 00:00:44]} Kb8 {[%clk 00:01:21]} {[%emt 00:00:15]} 72.
Rb7+ {[%clk 00:01:32]} {[%emt 00:00:23]} Kc8 {[%clk 00:01:29]} {[%emt
00:00:22]} 73. Rc7+ {[%clk 00:01:55]} {[%emt 00:00:07]} Kb8 {[%clk 00:01:40]}
{[%emt 00:00:19]} 74. Rd7 {[%clk 00:01:29]} {[%emt 00:00:55]} d1=Q {[%clk
00:01:00]} {[%emt 00:01:10]} 75. Rxd1 {[%clk 00:01:49]} {[%emt 00:00:10]} Kc8
{[%clk 00:01:08]} {[%emt 00:00:22]} 76. Rg1 {[%clk 00:01:38]} {[%emt 00:00:42]}
Rh8 {[%clk 00:00:56]} {[%emt 00:00:41]} 77. h4 {[%clk 00:01:54]} {[%emt
00:00:14]} Kb8 {[%clk 00:01:08]} {[%emt 00:00:19]} 78. h5 {[%clk 00:02:05]}
{[%emt 00:00:19]} Kc8 {[%clk 00:01:24]} {[%emt 00:00:13]} 79. Ra1 {[%clk
00:02:00]} {[%emt 00:00:36]} Kb8 {[%clk 00:01:39]} {[%emt 00:00:15]} 80. c7+
{[%clk 00:02:20]} {[%emt 00:00:10]} Kc8 {[%clk 00:02:03]} {[%emt 00:00:06]} 81.
Ra8+ {[%clk 00:02:46]} {[%emt 00:00:04]} Kd7 {[%clk 00:02:31]} {[%emt
00:00:02]} 82. Rxh8 {[%clk 00:03:04]} {[%emt 00:00:12]} Ke7 {[%clk 00:02:53]}
{[%emt 00:00:08]} 83. c8=Q {[%clk 00:03:15]} {[%emt 00:00:20]} Kf7 {[%clk
00:03:17]} {[%emt 00:00:06]} 84. Qf5+ {[%clk 00:03:30]} {[%emt 00:00:13]} Kg7
{[%clk 00:03:34]} {[%emt 00:00:13]} 85. Rh7+ {[%clk 00:03:56]} {[%emt
00:00:04]} Kg8 {[%clk 00:03:57]} {[%emt 00:00:07]} 86. Qf7# {[%emt 00:00:04]}
1-0

[Event "DEM U14w 2025"]
[Site "Willingen GER"]
[Date "2025.06.14"]
[Round "9"]
[White "Averkova, Mariia"]
[Black "Komar, Valerie"]
[Result "1-0"]
[Termination "normal"]
[Board "5"]
[WhiteElo "1759"]
[BlackElo "1765"]
[WhiteClock "00:18:21"]
[BlackClock "00:00:44"]
[PlyCount "77"]
[WhiteFideId "34651470"]
[BlackFideId "34139664"]
[EventCountry "GER"]
[EventRounds "9"]
[EventType "swiss"]
[EventDate "2025.06.07"]

1. e4 {[%clk 01:30:58]} {[%emt 00:00:01]} d6 {[%clk 01:30:48]} {[%emt
00:00:13]} 2. d4 {[%clk 01:31:15]} {[%emt 00:00:12]} g6 {[%clk 01:31:06]}
{[%emt 00:00:12]} 3. Nf3 {[%clk 01:30:46]} {[%emt 00:01:00]} Bg7 {[%clk
01:29:41]} {[%emt 00:01:54]} 4. Bf4 {[%clk 01:26:55]} {[%emt 00:04:22]} a6
{[%clk 01:26:09]} {[%emt 00:04:02]} 5. Bd3 {[%clk 01:24:25]} {[%emt 00:03:00]}
Nc6 {[%clk 01:24:21]} {[%emt 00:02:17]} 6. c3 {[%clk 01:21:35]} {[%emt
00:03:20]} Nf6 {[%clk 01:22:40]} {[%emt 00:02:12]} 7. O-O {[%clk 01:21:20]}
{[%emt 00:00:44]} O-O {[%clk 01:21:05]} {[%emt 00:02:05]} 8. Re1 {[%clk
01:20:45]} {[%emt 00:01:05]} Re8 {[%clk 01:15:03]} {[%emt 00:06:32]} 9. e5
{[%clk 01:14:54]} {[%emt 00:06:21]} Nd5 {[%clk 01:10:57]} {[%emt 00:04:37]} 10.
Bg3 {[%clk 01:15:04]} {[%emt 00:00:19]} Rb8 {[%clk 01:05:48]} {[%emt 00:05:39]}
11. Bc4 {[%clk 01:09:47]} {[%emt 00:05:47]} Nb6 {[%clk 01:05:02]} {[%emt
00:01:14]} 12. Bb3 {[%clk 01:09:02]} {[%emt 00:01:17]} d5 {[%clk 01:03:07]}
{[%emt 00:02:25]} 13. Nbd2 {[%clk 01:08:06]} {[%emt 00:01:26]} Bg4 {[%clk
00:52:47]} {[%emt 00:10:50]} 14. h3 {[%clk 01:04:35]} {[%emt 00:04:01]} Bf5
{[%clk 00:49:09]} {[%emt 00:04:08]} 15. Rc1 {[%clk 00:59:52]} {[%emt 00:05:13]}
Bh6 {[%clk 00:45:25]} {[%emt 00:04:14]} 16. Bc2 {[%clk 00:58:18]} {[%emt
00:02:05]} Bxc2 {[%clk 00:44:07]} {[%emt 00:01:47]} 17. Qxc2 {[%clk 00:58:40]}
{[%emt 00:00:08]} Na5 {[%clk 00:38:25]} {[%emt 00:06:12]} 18. Rcd1 {[%clk
00:56:47]} {[%emt 00:02:22]} Nac4 {[%clk 00:36:10]} {[%emt 00:02:46]} 19. Bh4
{[%clk 00:52:59]} {[%emt 00:04:18]} Qc8 {[%clk 00:32:18]} {[%emt 00:04:22]} 20.
Bg5 {[%clk 00:48:05]} {[%emt 00:05:24]} Bg7 {[%clk 00:22:25]} {[%emt 00:10:22]}
21. Nxc4 {[%clk 00:44:08]} {[%emt 00:04:27]} Nxc4 {[%clk 00:22:28]} {[%emt
00:00:28]} 22. Nd2 {[%clk 00:44:14]} {[%emt 00:00:24]} Nxd2 {[%clk 00:20:16]}
{[%emt 00:02:42]} 23. Qxd2 {[%clk 00:43:48]} {[%emt 00:00:56]} f6 {[%clk
00:15:33]} {[%emt 00:05:13]} 24. Bf4 {[%clk 00:39:01]} {[%emt 00:05:16]} e6
{[%clk 00:10:46]} {[%emt 00:05:18]} 25. exf6 {[%clk 00:37:10]} {[%emt
00:02:21]} Bxf6 {[%clk 00:11:14]} {[%emt 00:00:01]} 26. Qe3 {[%clk 00:36:45]}
{[%emt 00:00:56]} Qd7 {[%clk 00:10:56]} {[%emt 00:00:48]} 27. Re2 {[%clk
00:35:07]} {[%emt 00:02:07]} Re7 {[%clk 00:08:18]} {[%emt 00:03:09]} 28. Rde1
{[%clk 00:33:15]} {[%emt 00:02:22]} Rbe8 {[%clk 00:07:55]} {[%emt 00:00:53]}
29. Bg5 {[%clk 00:30:08]} {[%emt 00:03:37]} Rf7 {[%clk 00:05:57]} {[%emt
00:02:29]} 30. Qg3 {[%clk 00:29:25]} {[%emt 00:01:11]} b6 {[%clk 00:04:51]}
{[%emt 00:01:37]} 31. h4 {[%clk 00:27:17]} {[%emt 00:02:38]} Bxg5 {[%clk
00:03:10]} {[%emt 00:02:11]} 32. Qxg5 {[%clk 00:27:12]} {[%emt 00:00:35]} Rf5
{[%clk 00:03:13]} {[%emt 00:00:27]} 33. Qg4 {[%clk 00:27:24]} {[%emt 00:00:18]}
Qf7 {[%clk 00:03:15]} {[%emt 00:00:26]} 34. h5 {[%clk 00:25:42]} {[%emt
00:02:14]} Qf6 {[%clk 00:01:53]} {[%emt 00:01:52]} 35. hxg6 {[%clk 00:24:53]}
{[%emt 00:01:18]} hxg6 {[%clk 00:02:22]} {[%emt 00:00:02]} 36. Qg3 {[%clk
00:23:49]} {[%emt 00:01:34]} Re7 {[%clk 00:01:23]} {[%emt 00:01:29]} 37. Re5
{[%clk 00:23:27]} {[%emt 00:00:52]} Kf7 {[%clk 00:00:35]} {[%emt 00:01:17]} 38.
R1e2 {[%clk 00:20:40]} {[%emt 00:03:18]} Kg8 {[%clk 00:00:44]} {[%emt
00:00:20]} 39. Qd3 {[%clk 00:18:21]} {[%emt 00:02:48]} 1-0